The Public relations handbook for clubss and associations
| Main Author: | |
|---|---|
| Format: | Book |
| Published: |
Melbourne :
The Business Library ,
1991
|
| Subjects: |
MARC
| LEADER | 00000cam a2200000 7i4500 | ||
|---|---|---|---|
| 001 | 0000001943 | ||
| 002 | 000002110 | ||
| 005 | 20000330.0 | ||
| 020 | |a 1863500731 | ||
| 090 | 0 | 0 | |a 659.288 |b MAC |
| 100 | 1 | |a Macnamara, Jim | |
| 245 | 1 | 4 | |a The Public relations handbook for clubss and associations |c Jim Macnamara |
| 260 | |a Melbourne : |b The Business Library , |c 1991 | ||
| 300 | |a 225p. ; |c 22cm. | ||
| 650 | 0 | 0 | |a Public relations |
| 999 | |a 028070 |b BUKU |c PINJAMAN |e PERPUSTAKAAN KOMUNITI PETALING JAYA | ||